000 01654cam a22002294a 4500
005 20250605164406.0
008 250528s ||||||||||||||||||||||||d
035 _a24846
020 _a9781119106678
040 _aGR-AtMCL
_bgre
_dGR-AtMCL
_eAACR2
245 1 _aForensic Psychology / Crime, Justice, Law, Interventions
250 _a3rd
260 _c2018
300 _a720
520 _aThis book highlights the often sizeable gap between media myths surrounding forensic practice and reality. Preface, Introduction, The Causes of Crime, Psychological Approaches to Understanding Crime, Developmental and Psychological Theories of Offending, Psychopathy, Understanding Risk Factors for Offending: The Contributors of Neuroscience, Effects of Interpersonal Crime on Victims, Investigating Crime, Eyewitness Witnesses, Interviewing Suspects, Detecting Deception, Offender Profiling and Crime Linkage, Interpersonal Violence and Stalking, Terrorism, The Trial Process, Judicial Processes, Safeguarding Vulnerable Witnesses, Identifying Perpetrators, The Role of the Expert Witness, Dealing with Offenders, Crime and Punishment: What Works?, Risk Assessment and General Offender Behaviour Programme Delivery, Treating Dangerous Offenders, Interventions with Female Offenders, Interventions for Offenders with Intellectual Disabilities, Interventions with Mentally Disordered Offenders, The Rehabilitation of Offenders: Good Lives and Risk Reduction, Glossary, Index.
700 1 _aBeech Anthony
_98750
700 1 _aDavies Graham
_98751
942 _cBK
710 2 _aThe British Psychological Society
_99823
999 _c9685
_d9685